Chat GPT top 15 mangas depuis 2000 - Statistiques

Statistiques générales
  • Ce quiz a été pris 49 fois
  • Le résultat moyen est 6 sur 15
Statistiques - réponses
Hint Réponse % Correct
1. 2001-2016 en vrai je capte Bleach
70%
7. 2016-2020 Logique mais arh applique les dessins Demon slayer
70%
10. 2018-2024 présence logik Jujutsu kaisen
61%
3. 2009-2021 (Top 1 normalement) SNK
61%
2. 2003-2006 Logik Death note
48%
5. 2011-2014 l'animé on va t'attraper Tokyo ghoul
42%
9. 2018-? Ouais logique mais un peu trop haut imo Chainsaw man
33%
15. 2006-2017 BAHAHHAHAHAHA idem Fairy tail
30%
8. 2015-? Un peu sous-coté par les gens, un peu sur-coté ici Black clover
27%
6. 2014-2024 On a bien mangé, tu peux partir petit prince... MHA
27%
4. 2009-? Un peu haut mais banger de zinzin One punch man
24%
14. 2012-2020 Bahaha c'est fufu qui va pas être content Seven deadly sins
24%
12. 2005-2025 Teeeeeellement trop bas Vinland saga
24%
13. 2019-2021 Toi aussi l'animé t'a tué zebi The promised neverland
18%
11. 2012-2022 héhéhhhéhéhéhéhéhéhhéhéhéhéhéhéhéhé Haikyuu
6%
Aucun quiz correspondant
Distribution des résultats
% des personnes avec chaque résultat
Percentile par nombre de réponses
Votre historique - résultats
Vous n’avez pas pris ce quiz